| 000 | 00990nam a2200289 c 4500 | ||
|---|---|---|---|
| 999 |
_c344478 _d344478 |
||
| 003 | BLK | ||
| 005 | 20191003111411.0 | ||
| 008 | 180911b bul|||||r ||||||| ||bul|| | ||
| 010 | _a004143 | ||
| 040 | _aBLK | ||
| 041 |
_aFRE _cBUL |
||
| 080 | _z820/899(4)-31.09 | ||
| 100 | 1 |
_aBRUNETIERE, Ferdinand _eпърви автор _9397489 |
|
| 245 | 0 | 0 | _aLe roman naturaliste |
| 260 |
_aParis _bCalmann-Levy _cs.a |
||
| 300 |
_aVI, 395 с _c18 см |
||
| 380 | _a82 | ||
| 490 | _aBibl. contemporaine | ||
| 490 |
_aЧастна колекция - Академик Михаил Арнаудов _gДарение - Основен фонд |
||
| 500 | _aМихаил Арнаудов: негови-книга. - Михаил Арнаудов: подпис. - Подчертавания в текста и бележки по полетата | ||
| 520 | _a | ||
| 655 |
_aЛитературознание _9396446 |
||
| 700 | 1 |
_aFerdinand Brunetiere _9398500 |
|
| 852 | _aМА 1797 | ||
| 942 |
_cKNG _n0 _s1 |
||
| 944 |
_aCR _c1996 _kValK |
||
| 999 | _d344478 | ||